Library Banner

Entrepreneurship (Record no. 37603)

MARC details
000 -LEADER
fixed length control field 00508nam a2200193Ia 4500
001 - CONTROL NUMBER
control field 38261
008 - FIXED-LENGTH DATA ELEMENTS--GENERAL INFORMATION
fixed length control field 140422s9999 xx 000 0 und d
020 ## - INTERNATIONAL STANDARD BOOK NUMBER
International Standard Book Number 0324258267
040 ## - CATALOGING SOURCE
Transcribing agency PK-LaUMT
082 ## - DEWEY DECIMAL CLASSIFICATION NUMBER
Classification number 658.421
Item number KUR-E
100 ## - MAIN ENTRY--PERSONAL NAME
Personal name Hodgetts, Richard M.
245 ## - TITLE STATEMENT
Title Entrepreneurship
Remainder of title theory, process, practice
Statement of responsibility, etc Hodgetts, Richard M.<>Kuratko, Donald F.
250 ## - EDITION STATEMENT
Edition statement 6th
260 ## - PUBLICATION, DISTRIBUTION, ETC. (IMPRINT)
Place of publication, distribution, etc Australia:
Name of publisher, distributor, etc Thomson,
Date of publication, distribution, etc 2004
300 ## - PHYSICAL DESCRIPTION
Extent 866 p.
546 ## - LANGUAGE NOTE
Language note EN
700 ## - ADDED ENTRY--PERSONAL NAME
Personal name Kuratko, Donald F.
942 ## - ADDED ENTRY ELEMENTS (KOHA)
Koha item type Books
Holdings
Withdrawn status Lost status Source of classification or shelving scheme Damaged status Not for loan Home library Current library Date acquired Total Checkouts Full call number Barcode Date last seen Date checked out Price effective from Koha item type
    Dewey Decimal Classification     UMT Main Campus UMT Main Campus 2014-04-22 1 658.421 KUR-E 41170 2016-10-10 2016-09-01 2014-05-05 Books
    Dewey Decimal Classification     UMT Main Campus UMT Main Campus 2014-06-25   658.421 KUR-E 41171 2014-06-25   2014-06-25 Books